000 003890000a22001570004500
003 LK-CoMWRAF
008 230817t1996 ||||| |||| 00| 0 eng d
040 _aLK-CoMWRAF
_dLK-CoMWRAF
_eLK-CoMWRAF
041 _aeng
082 _a910
_bGHA
100 _aGhazali, Zainab Al
245 _aDays from my Life
_b
260 _bHindustan Publications
_aDelhi
_c1996
300 _ap.168
942 _cBK
999 _c1228
_d1228